000 00406pab a2200157 454500
008 180718b2001 xxu||||| |||| 00| 0 eng d
100 _aVerma, A.K.
245 _aUP urban civic polls: parties losing ground
260 _c2001
300 _ap.14-17
362 _a6 Jan
650 _aElections - India - Uttar Pradesh
650 _aElections
773 _aEconomic and Political Weekly
909 _a47443
999 _c47443
_d47443